| 000 | 00434nam a2200181Ia 4500 | ||
|---|---|---|---|
| 001 | 2741 | ||
| 005 | 20260306144829.0 | ||
| 008 | 260306t1995||||xx |||||||||||||| ||spa|| | ||
| 041 | _aESP | ||
| 082 |
_a220.6 _bP79 |
||
| 100 |
_aDe la Potterie, Ignace _eAUT |
||
| 245 | 0 | _aLa sagrada escritura y el Vaticano II | |
| 260 | _c1995 | ||
| 300 |
_a107 páginas : _c20 cm. |
||
| 650 | _aGEN | ||
| 654 | _aCHU | ||
| 942 |
_cLIB _dJUS _fJUS _2ddc _n |
||
| 999 |
_c2741 _d2741 |
||